000 00876nam a22002537a 4500
003 DO-SdBNP
005 20230519123055.0
007 ta
008 220705b2019 dr a|||| |||| 00| 0 spa d
020 _a9789945916904
040 _aDO-SdBNP
_bspa
_cBNPHU
082 4 _222
100 1 _aArrieta Marín, Michel,
_d1989-
_981941
245 1 0 _aOlor a sal /
_cMichel Arrieta Marín ; ilustraciones Luis Eduardo Durán Villalobos ; Daniel Olivo Polanco, Markus E. Goth
260 _aSanto Domingo :
_bEl gato,
_c2019.
300 _a39 p. :
_bil. ;
_c23 cm.
500 _aIncluye datos biográficos de la autora en la solapa de la contracubierta
590 _aInventariado, 2022/BT
700 1 _aDurán Villalobos, Luis Eduardo,
_eil.
_981942
700 1 _aOlivo Polanco, Daniel,
_eil.
_978968
700 1 _aE. Goth, Markus,
_eil.
_981943
910 _aBtavárez
942 _2ddc
_cLBS1
999 _c52143
_d52143